00794cam a22002537a 4500003000500000005001700005008004100022010001000063011001000073035001000083040000900093100002000102245011300122260007800235300001000313490003900323650002500362650001400387650004200401650001800443700001900461700002100480830003900501CHAP20220329142508.0010703d1998 cu rb 00110 spa d a84300 a85272 a95803 cCHAP00aMirabal, Acela.10aCompilación bibliográfica sobre Thrips palmi (Karny)c/por Acela Mirabal, V. Martínez y Vivian Pérez aLa Habana, Cuba :bInstituto de Investigaciones de Sanidad Vegetal,c1998 a60 p. 0aBoletín técnicov; 4 (4), 199814aAgriculturaxPlagas.14aInsectos.14aInsectosxResistencia a insecticidas.14aThrips palmi.0 aMartínez, V.0 aPérez, Vivian.0 aBoletín técnicov; 4 (4), 1998